000 00559nam a22001697a 4500
003 OSt
005 20240529110316.0
008 240522b ||||| |||| 00| 0 eng d
040 _cAIMIT LIBRARY
100 _aKumar, Chethan.
_e2016037
_9166807
245 _aStudy on financial performance of Mangalore tiles limited at Kundapura /
_cBy Chethan Kumar ; Guided by Rowena Wright.
260 _bMangalore ,
_c2022.
650 _aFinancial performance,
_9168365
700 _aWright, Rowena.
_eGuide
_9166808
856 _3Mangalore Tiles Ltd.
942 _2ddc
_cPRO
999 _c230868
_d230868